000 00505nam a2200205Ia 4500
003 OSt
005 20221007112529.0
006 a|||||r|||| 00| 0
007 ta
008 221006b |||||||| |||| 00| 0 eng d
024 _a28,429
037 _cBound Volume
040 _aLCO
_cLCO
_beng
041 _2eng
_aeng
245 4 _aTHE SUPREME COURT REVIEW
260 _aLondon
_bUniversity of chicago London
_c1960
490 _v1962
942 _cCR
999 _c1197992
_d1197992